000 01184nam a22002295i 4500
001 152462
003 ES-MaACL
005 20230906204745.0
008 051011s1857 sp | |||||||| ||spa d
040 _aCAM
_bspa
_cCAM
100 1 _aBotella y Andrés, Francisco.
_9126092
245 1 0 _aAmar sin dejarse amar
_b: juguete cómico en un acto /
_coriginal de Francisco Botella y Andrés.
260 _aMadrid :
_b[Manuel Pedro Delgado],
_c1857 (
_fImprenta de Cipriano López)
300 _a15 p. ;
_c19 cm.
490 1 _aGalería Dramática
500 _aEn port.: Representado en el Teatro de Variedades el 18 de Marzo de 1855.
596 _aEn verso de port. consta: "Este drama pertenece á la Galería Dramática, que comprende los teatros moderno, antiguo español y extranjero, y es propiedad en el todo de su editor Don Manuel Pedro Delgado ..."
597 _aEn port.constan las iniciales del editor: "M.P.D."
830 0 _aGalería Dramática
_9186796
852 _aES-MaACL
_jF-8577(8)
_z-- Enc. pasta española, falto de la enc. original
_z-- Enc. en un vol. facticio formando parte de la col. facticia "Teatro español moderno", vol. 30
999 _c152462
_d152462